01122cam a22002771 4500001001000000003000900010005001700019008004100036010003200077040003800109082002200147110006400169245003600233260003900269300002400308490005400332500006000386504007400446504004000520650004300560830006100603910003300664942001400697952011600711999001700827000019141DO-SdBNP20260120113829.0720824s1951 xxu 000 0 eng  an 79053092 zn 2024046865 aDO-SdBNPcOClUdOCoLCdDLCdBNPHU 4a364.63bP962r2222 aNaciones Unidas. bDepartamento de Asuntos Sociales 94118310aProbation and related measures. aNew York :bUnited Nations,c1951. axvi, 407p. ;c23cm.0 aUnited Nations. [Document] E/CN.5/230.2 Jan. 1951 a"publicaciones de las Naciones Unidas. no.: 1951.iv.2." aIncluye referencias bibliográficas y notas al pie de las páginas. aIncluye bibliografía p.(377-391.) 7aLibertad condicional 9411842LIBRUNAM 0aUnited Nations. [Document] E/CN.5/230.2 Jan. 1951941186 aCatalogación derivada / LC 2ddccLBS1 001050718MOaGRbGRcCTd2010-05-27iLF1l0o364.62 P962rp19141-10r2020-06-25w2020-06-25y1ZNo se presta c18659d18659